|
|
|
|
| LEADER |
00000nam a2200000 a 4500 |
| 001 |
vtls001516548 |
| 003 |
SK-MaSNL |
| 005 |
20260302073859.0 |
| 008 |
240314s2002 gw o f 001 0 ger |
| 020 |
|
|
|a 3572013798
|q (viaz.)
|
| 035 |
|
|
|a E3888575-A29A-447E-BCE1-516A9B2ECD29
|
| 035 |
|
|
|a urn:nbn:sk:snk-amlsdf
|
| 035 |
|
|
|a urn:nbn:sk:snk-am00cc5s
|
| 040 |
|
|
|a SNK
|b slo
|c SNK
|e AACR2
|
| 041 |
1 |
|
|a ger
|h eng
|
| 044 |
|
|
|a gx
|c DE
|
| 072 |
|
7 |
|a 72
|x Architektúra
|2 konspekt
|
| 080 |
|
|
|a 72.012.27
|2 MDT-MRF
|
| 080 |
|
|
|a 69.032.22
|2 MDT-MRF
|
| 080 |
|
|
|a (084.12)
|2 MDT-MRF
|
| 100 |
1 |
|
|a Bennett, David
|4 aut
|9 738837
|
| 240 |
1 |
|
|a Skyscrapers
|l Nemecky
|
| 245 |
1 |
0 |
|a Den Himmel berühren
|b Wolkenkratzer - Geschichte, Form und Funktion
|c David Bennett; mit Fotografien von James R. Steinkamp; aus dem Englischen von Andreas Stieber
|
| 260 |
|
|
|a München
|b Orbis
|c c2002
|e Martin
|f Neografia
|
| 300 |
|
|
|a 120 s.
|b fotogr. (prevažne fareb.), ilustr.
|c 32 cm
|
| 650 |
0 |
7 |
|a mrakodrapy
|2 SNKPH
|9 23713
|
| 655 |
|
7 |
|a fotografické publikácie
|2 SNKPH
|9 70483
|
| 700 |
1 |
|
|a Steinkamp, James R.
|4 pht
|9 738838
|
| 700 |
1 |
|
|a Stieber, Andreas
|4 trl
|9 542104
|
| 752 |
|
|
|a Nemecko
|d Mníchov
|
| 919 |
|
|
|a 3-572-1379-8
|
| 958 |
|
|
|a OND
|
| 999 |
|
|
|c 1162702
|d 1164632
|
| 952 |
|
|
|a SNK
|b SNK
|y PREZ
|7 0
|p 17A0460031
|o snkSB 70041
|i snk2005/3037
|8 1
|0 0
|1 0
|4 0
|d 2005-03-01
|f 1
|l 0
|r 2025-04-25 00:00:00
|w 2026-02-24
|